[Event "LUX-chABC"]
[Site "Dudelange"]
[Date "1998.04.13"]
[Round "3.17"]
[White "Kalkanci, Sevket"]
[Black "Beck, Luc"]
[Result "1-0"]
[WhiteElo "1845"]
[BlackElo "1570"]
[PlyCount "65"]
[EventDate "1998.04.11"]
[EventType "swiss"]
[EventRounds "9"]
[EventCountry "LUX"]
[SourceTitle "EXT 2013"]
[Source "ChessBase"]
[SourceDate "2012.11.22"]
[SourceVersion "1"]
[SourceVersionDate "2012.11.22"]
[SourceQuality "1"]

1. e4 d6 2. d4 Nf6 3. Nc3 g6 4. f4 Bg7 5. Nf3 0-0 6. Be3 Bg4 7. Be2 Bxf3 8. Bxf3 c6 9. Qd2 Nbd7 10. 0-0 e5 11. Rad1 Qc7 12. g4 Rfd8 13. Qe2 exf4 14. Bxf4 Ne8 15. Be3 b5 16. a3 a6 17. h4 Nb6 18. b3 d5 19. e5 Qe7 20. Bg5 f6 21. exf6 Qxe2 22. f7+ Kh8 23. Bxe2 Nf6 24. Bxf6 Bxf6 25. Rxf6 Rac8 26. Rdf1 Kg7 27. g5 Nd7 28. Re6 Nf8 29. Re7 a5 30. Bg4 Rb8 31. Ne2 Rd6 32. Nf4 Rbd8 33. Ne6+ 1-0